Vincitori Premier League - Morte improvvisa - Statistics

Statistiche generali
  • Questo quiz è stato fatto 511 volte
    161 dall'ultimo reset
  • Il punteggio medio è 4 su 7
Answers on the Grid
Answers color-coded by a green-red scale on the quiz's grid according to % correct below.
Manchester United
Blackburn
Arsenal
Chelsea
Manchester City
Leicester City
Liverpool
Everton
Aston Villa
Newcastle United
Tottenham
Sunderland
West Bromwich
Bolton
Swansea City
Wolverhampton
West Ham United
Sheffield Wednesday
Derby County
Sheffield United
Stoke City
Middlesbrough
Burnley
Nottingham Forest
Birmingham City
Leeds United
Watford
Portsmouth
Fulham
Crystal Palace
 
Statistiche sulle risposte
Risposta % Corretto
Manchester United
70%
Manchester City
69%
Liverpool
65%
Leicester City
64%
Chelsea
63%
Arsenal
59%
Blackburn
20%
Nessun quiz corrispondente trovato
Distribuzione punteggi
Percentuale di utenti per punteggio
Percentile per numero di risposta
I tuoi punteggi nel tempo
Non hai fatto questo quiz dall'ultimo reset